[Event "Belgrade Radnicki IM 07"]
[Site "Belgrade"]
[Date "2023.07.29"]
[Round "4"]
[White "Ostojic, Nikola"]
[Black "Alivodic, Dario"]
[Result "1/2-1/2"]
[WhiteElo "2256"]
[BlackElo "2267"]
[PlyCount "62"]
[EventDate "2023.07.26"]
[EventType "schev"]
[EventRounds "9"]
[EventCountry "SRB"]
[SourceTitle "CBM 215 Extra"]
[Source "ChessBase"]
[SourceDate "2023.09.30"]
[SourceVersion "1"]
[SourceVersionDate "2023.09.30"]
[SourceQuality "1"]

1. d4 d5 2. c4 e6 3. Nf3 Nf6 4. Nc3 c6 5. Bg5 dxc4 6. a4 b5 7. axb5 cxb5 8. Nxb5 Qb6 9. Na3 Bxa3 10. Qa4+ Nc6 11. Qxa3 Nb4 12. Rc1 0-0 13. Bxf6 gxf6 14. g3 Bb7 15. Bg2 Rac8 16. 0-0 Rfd8 17. Rfd1 a5 18. Qe3 Bxf3 19. Bxf3 Nd5 20. Qh6 Qxb2 21. g4 Kh8 22. e4 Nc3 23. Qxf6+ Kg8 24. Qg5+ Kf8 25. Re1 Rxd4 26. Qe5 Rcd8 27. Qxa5 Rd2 28. Qc5+ Kg8 29. Qg5+ Kf8 30. Qc5+ Kg8 31. Qg5+ Kf8 1/2-1/2

[Event "Belgrade Radnicki IM 07"]
[Site "Belgrade"]
[Date "2023.07.27"]
[Round "2"]
[White "Ostojic, Nikola"]
[Black "Phatak, Aanjaneya"]
[Result "0-1"]
[WhiteElo "2256"]
[BlackElo "2040"]
[PlyCount "68"]
[EventDate "2023.07.26"]
[EventType "schev"]
[EventRounds "9"]
[EventCountry "SRB"]
[SourceTitle "CBM 215 Extra"]
[Source "ChessBase"]
[SourceDate "2023.09.30"]
[SourceVersion "1"]
[SourceVersionDate "2023.09.30"]
[SourceQuality "1"]

1. d4 Nf6 2. c4 g6 3. Nc3 Bg7 4. e4 d6 5. h3 0-0 6. Nf3 e5 7. d5 Nh5 8. g3 f5 9. Nd2 Qe8 10. Be2 Nf6 11. g4 Na6 12. Rg1 Nc5 13. gxf5 gxf5 14. b4 Ncd7 15. Bb2 a5 16. a3 f4 17. Nb5 Qd8 18. Bg4 Nb8 19. Bxc8 Qxc8 20. Qf3 axb4 21. axb4 Rxa1+ 22. Bxa1 Na6 23. Bc3 Qd7 24. Ke2 Kh8 25. Qd3 f3+ 26. Nxf3 Nh5 27. Qe3 Nf4+ 28. Kd2 c6 29. dxc6 bxc6 30. Qa7 Qxa7 31. Nxa7 Bh6 32. Kc2 Ne2 33. Ra1 Rxf3 34. Rxa6 Rxc3+ 0-1

[Event "Arandjelovac ASK-12 GM"]
[Site "Arandjelovac"]
[Date "2022.03.19"]
[Round "10"]
[White "Ostojic, Nikola"]
[Black "Ramoutar, Alan Safar"]
[Result "1/2-1/2"]
[WhiteElo "2309"]
[BlackElo "2443"]
[PlyCount "20"]
[EventDate "2022.03.14"]
[EventType "tourn"]
[EventRounds "11"]
[EventCountry "SRB"]
[EventCategory "5"]
[SourceTitle "CBM 207 Extra"]
[Source "ChessBase"]
[SourceDate "2022.05.31"]
[SourceVersion "1"]
[SourceVersionDate "2022.05.31"]
[SourceQuality "1"]

1. c4 e6 2. Nf3 d5 3. d4 Nf6 4. Nc3 Be7 5. cxd5 exd5 6. Bg5 c6 7. e3 0-0 8. Bd3 h6 9. Bxf6 Bxf6 10. 0-0 Nd7 1/2-1/2

[Event "Arandjelovac ASK-12 GM"]
[Site "Arandjelovac"]
[Date "2022.03.17"]
[Round "6"]
[White "Ostojic, Nikola"]
[Black "Nandhidhaa, PV."]
[Result "1-0"]
[WhiteElo "2309"]
[BlackElo "2380"]
[PlyCount "63"]
[EventDate "2022.03.14"]
[EventType "tourn"]
[EventRounds "11"]
[EventCountry "SRB"]
[EventCategory "5"]
[SourceTitle "CBM 207 Extra"]
[Source "ChessBase"]
[SourceDate "2022.05.31"]
[SourceVersion "1"]
[SourceVersionDate "2022.05.31"]
[SourceQuality "1"]

1. d4 Nf6 2. Nf3 e6 3. c4 c5 4. d5 exd5 5. cxd5 d6 6. Nc3 g6 7. h3 Bg7 8. e4 0-0 9. Bg5 h6 10. Be3 Re8 11. Bd3 c4 12. Bc2 Bd7 13. 0-0 b5 14. a3 Na6 15. Re1 Qc7 16. Qd2 Kh7 17. Bf4 Nh5 18. Bh2 Qb6 19. e5 Bf8 20. e6 fxe6 21. Nh4 Nf6 22. Nxg6 Kg7 23. Nxf8 Rxf8 24. dxe6 Bc6 25. Qxd6 Qc5 26. Qxc5 Nxc5 27. Bd6 Nd3 28. Bxf8+ Rxf8 29. Bxd3 cxd3 30. Rad1 Rd8 31. Re3 d2 32. Re2 1-0

[Event "Arandjelovac ASK-12 GM"]
[Site "Arandjelovac"]
[Date "2022.03.16"]
[Round "4"]
[White "Ostojic, Nikola"]
[Black "Tyurin, Artem"]
[Result "1/2-1/2"]
[WhiteElo "2309"]
[BlackElo "2145"]
[PlyCount "41"]
[EventDate "2022.03.14"]
[EventType "tourn"]
[EventRounds "11"]
[EventCountry "SRB"]
[EventCategory "5"]
[SourceTitle "CBM 207 Extra"]
[Source "ChessBase"]
[SourceDate "2022.05.31"]
[SourceVersion "1"]
[SourceVersionDate "2022.05.31"]
[SourceQuality "1"]

1. Nf3 d5 2. g3 Nf6 3. Bg2 g6 4. c4 Bg7 5. cxd5 Nxd5 6. d4 0-0 7. 0-0 Nc6 8. e3 Nb6 9. Nc3 e5 10. d5 Na5 11. e4 c6 12. Bg5 f6 13. Be3 Nbc4 14. Bc1 c5 15. Re1 Bd7 16. b3 Nd6 17. Be3 Rc8 18. Nd2 b5 19. a3 Nab7 20. Rc1 Qa5 21. Ncb1 1/2-1/2

[Event "Arandjelovac ASK-12 GM"]
[Site "Arandjelovac"]
[Date "2022.03.15"]
[Round "2"]
[White "Audi, Ameya"]
[Black "Ostojic, Nikola"]
[Result "1-0"]
[WhiteElo "2418"]
[BlackElo "2309"]
[PlyCount "59"]
[EventDate "2022.03.14"]
[EventType "tourn"]
[EventRounds "11"]
[EventCountry "SRB"]
[EventCategory "5"]
[SourceTitle "CBM 207 Extra"]
[Source "ChessBase"]
[SourceDate "2022.05.31"]
[SourceVersion "1"]
[SourceVersionDate "2022.05.31"]
[SourceQuality "1"]

1. e4 c6 2. d4 d5 3. exd5 cxd5 4. Bd3 Nf6 5. c3 Bg4 6. Qb3 Qc7 7. h3 Bd7 8. Nf3 Nc6 9. 0-0 e6 10. Re1 Bd6 11. Qd1 0-0-0 12. Qe2 h6 13. b4 Kb8 14. a4 Ne4 15. Bxe4 dxe4 16. Qxe4 f5 17. Qe2 g5 18. Na3 Ne7 19. Ne5 Bxe5 20. Qxe5 Qxe5 21. Rxe5 Bxa4 22. Rxe6 Nd5 23. Bd2 b5 24. Nc4 bxc4 25. Rxa4 f4 26. Ra5 Nb6 27. h4 Rhe8 28. Rxe8 Rxe8 29. hxg5 hxg5 30. Kf1 1-0

[Event "Arandjelovac ASK-8 IM"]
[Site "Arandjelovac"]
[Date "2022.03.09"]
[Round "4"]
[White "Ostojic, Nikola"]
[Black "Lohia, Sohum"]
[Result "1-0"]
[WhiteElo "2309"]
[BlackElo "2224"]
[PlyCount "59"]
[EventDate "2022.03.07"]
[EventType "tourn"]
[EventRounds "9"]
[EventCountry "SRB"]
[SourceTitle "CBM 207 Extra"]
[Source "ChessBase"]
[SourceDate "2022.05.31"]
[SourceVersion "1"]
[SourceVersionDate "2022.05.31"]
[SourceQuality "1"]

1. d4 Nf6 2. c4 e6 3. Nf3 d5 4. g3 dxc4 5. Bg2 Nc6 6. 0-0 Rb8 7. e3 b5 8. Qe2 Be7 9. Rd1 0-0 10. b3 cxb3 11. axb3 a6 12. Ne1 Bb7 13. Nd3 Nb4 14. Bxb7 Rxb7 15. Nxb4 Bxb4 16. Rxa6 Qd5 17. Rd3 Rbb8 18. Bd2 Bxd2 19. Nxd2 Ra8 20. e4 Qb7 21. Rxa8 Rxa8 22. Qf3 Ra2 23. d5 h6 24. dxe6 fxe6 25. Rd8+ Kh7 26. Qd3 Ra1+ 27. Kg2 e5 28. Qf3 Qc6 29. Qf5+ g6 30. Qxe5 1-0

[Event "Arandjelovac ASK-8 IM"]
[Site "Arandjelovac"]
[Date "2022.03.08"]
[Round "2"]
[White "Ostojic, Nikola"]
[Black "Sredojevic, Ivan"]
[Result "1/2-1/2"]
[WhiteElo "2309"]
[BlackElo "2289"]
[PlyCount "25"]
[EventDate "2022.03.07"]
[EventType "tourn"]
[EventRounds "9"]
[EventCountry "SRB"]
[SourceTitle "CBM 207 Extra"]
[Source "ChessBase"]
[SourceDate "2022.05.31"]
[SourceVersion "1"]
[SourceVersionDate "2022.05.31"]
[SourceQuality "1"]

1. c4 Nf6 2. Nc3 g6 3. e4 d6 4. d4 Bg7 5. Nf3 0-0 6. Be2 e5 7. dxe5 dxe5 8. Qxd8 Rxd8 9. Bg5 Re8 10. Nd5 Nxd5 11. cxd5 c6 12. dxc6 Nxc6 13. 0-0 1/2-1/2

[Event "Arandjelovac ASK-8 IM"]
[Site "Arandjelovac"]
[Date "2022.03.07"]
[Round "1"]
[White "Acor, Corey B"]
[Black "Ostojic, Nikola"]
[Result "1/2-1/2"]
[WhiteElo "2326"]
[BlackElo "2309"]
[PlyCount "74"]
[EventDate "2022.03.07"]
[EventType "tourn"]
[EventRounds "9"]
[EventCountry "SRB"]
[SourceTitle "CBM 207 Extra"]
[Source "ChessBase"]
[SourceDate "2022.05.31"]
[SourceVersion "1"]
[SourceVersionDate "2022.05.31"]
[SourceQuality "1"]

1. e4 c5 2. Nc3 Nc6 3. g3 g6 4. Bg2 Bg7 5. d3 Rb8 6. Be3 b5 7. a3 d6 8. Nge2 a5 9. d4 b4 10. Na4 cxd4 11. Nxd4 Bd7 12. axb4 axb4 13. b3 Nf6 14. 0-0 Ng4 15. Nxc6 Nxe3 16. Nxd8 Nxd1 17. Nxf7 Kxf7 18. Raxd1 Rhc8 19. Rd2 Rc7 20. f4 Ke8 21. Rfd1 Ra7 22. e5 Bxa4 23. bxa4 dxe5 24. fxe5 Bxe5 25. Re2 Bf6 26. Bc6+ Kf8 27. Bb5 Rc8 28. Rd7 Rcc7 29. Rdd2 Rc3 30. Re4 b3 31. cxb3 Rxb3 32. Rd8+ Kg7 33. Rd7 Ra8 34. Kf2 Rf8 35. Kg2 Rc8 36. Re2 Ra3 37. Ra7 Rc5 1/2-1/2

[Event "Arandjelovac ASK-7 IM"]
[Site "Arandjelovac"]
[Date "2022.03.05"]
[Round "9"]
[White "Ostojic, Nikola"]
[Black "Nikolic, Dragovan"]
[Result "1/2-1/2"]
[WhiteElo "2309"]
[BlackElo "2204"]
[PlyCount "50"]
[EventDate "2022.02.28"]
[EventType "swiss"]
[EventRounds "9"]
[EventCountry "SRB"]
[SourceTitle "CBM 207 Extra"]
[Source "ChessBase"]
[SourceDate "2022.05.31"]
[SourceVersion "1"]
[SourceVersionDate "2022.05.31"]
[SourceQuality "1"]

1. Nf3 c5 2. c4 Nc6 3. Nc3 g6 4. e3 Nf6 5. d4 cxd4 6. exd4 d5 7. cxd5 Nxd5 8. Qb3 Nxc3 9. Bc4 e6 10. bxc3 Be7 11. Bh6 a6 12. Be2 Bf8 13. Bxf8 Kxf8 14. 0-0 Kg7 15. a4 Qc7 16. Rfd1 Rd8 17. c4 Qe7 18. Qc3 Qb4 19. Qe3 Qa5 20. Bd3 Qc7 21. Bf1 Nb4 22. Rac1 a5 23. h4 Bd7 24. d5 exd5 25. h5 Bxa4 1/2-1/2

[Event "Arandjelovac ASK-7 IM"]
[Site "Arandjelovac"]
[Date "2022.03.03"]
[Round "6"]
[White "Ostojic, Nikola"]
[Black "Pikula, Dejan"]
[Result "1/2-1/2"]
[WhiteElo "2309"]
[BlackElo "2337"]
[PlyCount "22"]
[EventDate "2022.02.28"]
[EventType "swiss"]
[EventRounds "9"]
[EventCountry "SRB"]
[SourceTitle "CBM 207 Extra"]
[Source "ChessBase"]
[SourceDate "2022.05.31"]
[SourceVersion "1"]
[SourceVersionDate "2022.05.31"]
[SourceQuality "1"]

1. e4 d6 2. d4 Nf6 3. Nc3 e5 4. dxe5 dxe5 5. Qxd8+ Kxd8 6. Bc4 Be6 7. Bxe6 fxe6 8. Nf3 Bd6 9. Bg5 a6 10. 0-0-0 Ke7 11. h3 Nc6 1/2-1/2

[Event "Arandjelovac ASK-6 IM"]
[Site "Arandjelovac"]
[Date "2022.02.27"]
[Round "9"]
[White "Ostojic, Nikola"]
[Black "Mai, Alexander Oliver"]
[Result "1/2-1/2"]
[WhiteElo "2309"]
[BlackElo "2207"]
[PlyCount "55"]
[EventDate "2022.02.21"]
[EventType "swiss"]
[EventRounds "9"]
[EventCountry "SRB"]
[SourceTitle "CBM 207 Extra"]
[Source "ChessBase"]
[SourceDate "2022.05.31"]
[SourceVersion "1"]
[SourceVersionDate "2022.05.31"]
[SourceQuality "1"]

1. Nf3 d5 2. g3 c6 3. Bg2 Bg4 4. d3 Nd7 5. h3 Bh5 6. Nbd2 e6 7. 0-0 Bd6 8. c4 Ne7 9. Qc2 0-0 10. b3 a5 11. a3 Re8 12. Bb2 Qc7 13. Rac1 Rac8 14. cxd5 cxd5 15. Qxc7 Bxc7 16. g4 Bg6 17. Nh4 f6 18. Nxg6 Nxg6 19. e3 b5 20. Rfd1 Bd6 21. Bf1 Kf7 22. d4 b4 23. a4 Rh8 24. Ba6 Ra8 25. Bb5 Ke7 26. Be2 Rhc8 27. Bd3 Ngf8 28. Nf3 1/2-1/2

[Event "Arandjelovac ASK-6 IM"]
[Site "Arandjelovac"]
[Date "2022.02.24"]
[Round "5"]
[White "Ostojic, Nikola"]
[Black "Stankovic, Boris"]
[Result "0-1"]
[WhiteElo "2309"]
[BlackElo "2376"]
[PlyCount "58"]
[EventDate "2022.02.21"]
[EventType "swiss"]
[EventRounds "9"]
[EventCountry "SRB"]
[SourceTitle "CBM 207 Extra"]
[Source "ChessBase"]
[SourceDate "2022.05.31"]
[SourceVersion "1"]
[SourceVersionDate "2022.05.31"]
[SourceQuality "1"]

1. d4 Nf6 2. c4 g6 3. Nc3 Bg7 4. e4 d6 5. h3 0-0 6. Be3 e5 7. d5 a5 8. Nf3 Na6 9. Nd2 Nc5 10. Be2 Bd7 11. 0-0 Ne8 12. Kh2 f5 13. exf5 gxf5 14. f4 e4 15. Nb3 Qe7 16. Nd4 Kh8 17. Rg1 Rg8 18. g3 Qf6 19. g4 fxg4 20. Bxg4 Bh6 21. Nde2 Bxg4 22. Rxg4 Rxg4 23. Bd4 Rxf4 24. Bxf6+ Rxf6 25. Qd4 Bg7 26. Nxe4 Rf4 27. Qxc5 dxc5 28. Nxf4 Be5 29. Kg3 Nd6 0-1

[Event "Arandjelovac ASK-6 IM"]
[Site "Arandjelovac"]
[Date "2022.02.22"]
[Round "3"]
[White "Ostojic, Nikola"]
[Black "Ilincic, Zlatko"]
[Result "1/2-1/2"]
[WhiteElo "2309"]
[BlackElo "2331"]
[PlyCount "22"]
[EventDate "2022.02.21"]
[EventType "swiss"]
[EventRounds "9"]
[EventCountry "SRB"]
[SourceTitle "CBM 207 Extra"]
[Source "ChessBase"]
[SourceDate "2022.05.31"]
[SourceVersion "1"]
[SourceVersionDate "2022.05.31"]
[SourceQuality "1"]

1. e4 e5 2. Nf3 Nf6 3. Nxe5 d6 4. Nf3 Nxe4 5. Qe2 Qe7 6. d3 Nf6 7. Nc3 c6 8. Qxe7+ Bxe7 9. h3 0-0 10. Bf4 Re8 11. 0-0-0 d5 1/2-1/2

[Event "Arandjelovac ASK-3 IM"]
[Site "Arandjelovac"]
[Date "2021.12.23"]
[Round "7"]
[White "Andreev, Konstantin1111"]
[Black "Ostojic, Nikola"]
[Result "1/2-1/2"]
[WhiteElo "2065"]
[BlackElo "2327"]
[PlyCount "52"]
[EventDate "2021.12.19"]
[EventType "tourn"]
[EventRounds "9"]
[EventCountry "SRB"]
[SourceTitle "CBM 205 Extra"]
[Source "ChessBase"]
[SourceDate "2022.01.31"]
[SourceVersion "1"]
[SourceVersionDate "2022.01.31"]
[SourceQuality "1"]

1. e4 c6 2. d4 d5 3. e5 Bf5 4. Nf3 e6 5. Be2 Ne7 6. 0-0 c5 7. c4 Nbc6 8. dxc5 dxc4 9. Qa4 Bd3 10. Bxd3 cxd3 11. Nc3 Ng6 12. b4 a6 13. Ne4 Qd5 14. Re1 Rd8 15. Bb2 Be7 16. Rad1 0-0 17. Nd6 Bxd6 18. cxd6 Qc4 19. a3 f6 20. Nd2 Qc2 21. Qb3 Qxb3 22. Nxb3 Ncxe5 23. Bxe5 Nxe5 24. f4 Nc4 25. Nd2 Nxd2 26. Rxd2 Rxd6 1/2-1/2

[Event "Arandjelovac ASK-3 IM"]
[Site "Arandjelovac"]
[Date "2021.12.22"]
[Round "5"]
[White "Ostojic, Nikola"]
[Black "Risteski, Emil"]
[Result "0-1"]
[WhiteElo "2327"]
[BlackElo "2337"]
[PlyCount "146"]
[EventDate "2021.12.19"]
[EventType "tourn"]
[EventRounds "9"]
[EventCountry "SRB"]
[SourceTitle "CBM 205 Extra"]
[Source "ChessBase"]
[SourceDate "2022.01.31"]
[SourceVersion "1"]
[SourceVersionDate "2022.01.31"]
[SourceQuality "1"]

1. d4 Nf6 2. c4 g6 3. Nc3 Bg7 4. e4 d6 5. Nf3 0-0 6. Be2 e5 7. d5 Na6 8. Bg5 h6 9. Bh4 g5 10. Bg3 Nxe4 11. Nxe4 f5 12. Nfd2 fxe4 13. Nxe4 Bf5 14. Bd3 b6 15. 0-0 Nc5 16. Nxc5 bxc5 17. Bxf5 Rxf5 18. Rb1 Qe8 19. Qc2 Qf7 20. h3 h5 21. b4 cxb4 22. Rxb4 Rf8 23. Rbb1 Qg6 24. Qe4 Qf7 25. Qe2 Re8 26. f3 Qg6 27. Qe4 g4 28. Kh2 gxh3 29. gxh3 Qf7 30. Rf2 Rf8 31. Rbf1 Bh6 32. Kh1 Kh8 33. a4 Bf4 34. Rg1 Bg5 35. Bh2 Bh6 36. h4 Bf4 37. Bg3 Bxg3 38. Rxg3 Rf4 39. Qe3 Rxh4+ 40. Kg2 Rf4 41. Qxa7 h4 42. Rh3 Qg6+ 43. Kh2 Rg8 44. Rd2 Rxc4 45. Qe3 Rxa4 46. Rb2 Rc4 47. Re2 Qg5 48. Qxg5 Rxg5 49. Re4 Rxe4 50. fxe4 Rg4 51. Rc3 Rxe4 52. Rxc7 Rd4 53. Kh3 Kg8 54. Rd7 Rxd5 55. Kxh4 Kf8 56. Kg5 Ke8 57. Ra7 Kd8 58. Kf5 Rd4 59. Rh7 e4 60. Kf4 d5 61. Ke3 Rd3+ 62. Kf4 e3 63. Kf3 d4 64. Ke2 Rd2+ 65. Ke1 d3 66. Rh4 Kc7 67. Re4 Re2+ 68. Kd1 Kc6 69. Re8 Kc5 70. Rc8+ Kd4 71. Rd8+ Ke4 72. Re8+ Kf3 73. Rd8 Rd2+ 0-1

[Event "Belgrade Radnicki IM T1 12"]
[Site "Belgrade"]
[Date "2021.12.11"]
[Round "9"]
[White "Ostojic, Nikola"]
[Black "Pingin, Artem"]
[Result "1/2-1/2"]
[WhiteElo "2327"]
[BlackElo "2317"]
[PlyCount "42"]
[EventDate "2021.12.03"]
[EventType "tourn"]
[EventRounds "9"]
[EventCountry "SRB"]
[SourceTitle "CBM 205 Extra"]
[Source "ChessBase"]
[SourceDate "2022.01.31"]
[SourceVersion "1"]
[SourceVersionDate "2022.01.31"]
[SourceQuality "1"]

1. c4 e6 2. Nf3 Nf6 3. b3 d5 4. g3 Be7 5. Bg2 0-0 6. 0-0 b6 7. Bb2 Bb7 8. e3 c5 9. Qe2 Nc6 10. Rd1 Rc8 11. d3 Qc7 12. Nc3 Rfd8 13. Rac1 Qb8 14. cxd5 Nxd5 15. Nxd5 Rxd5 16. d4 cxd4 17. Nxd4 Nxd4 18. Bxd4 Rdd8 19. Rxc8 Rxc8 20. Be5 Qxe5 21. Bxb7 Rd8 1/2-1/2

[Event "Belgrade Radnicki IM T1 12"]
[Site "Belgrade"]
[Date "2021.12.05"]
[Round "3"]
[White "Ostojic, Nikola"]
[Black "Petrovic, Aleksa"]
[Result "1-0"]
[WhiteElo "2327"]
[BlackElo "2229"]
[PlyCount "89"]
[EventDate "2021.12.03"]
[EventType "tourn"]
[EventRounds "9"]
[EventCountry "SRB"]
[SourceTitle "CBM 205 Extra"]
[Source "ChessBase"]
[SourceDate "2022.01.31"]
[SourceVersion "1"]
[SourceVersionDate "2022.01.31"]
[SourceQuality "1"]

1. Nf3 d6 2. d4 Bg4 3. c4 Nd7 4. Qb3 Qc8 5. h3 Bh5 6. g4 Bg6 7. Bg2 Ngf6 8. Nc3 c6 9. Nh4 e5 10. Nxg6 hxg6 11. e3 g5 12. Bd2 Be7 13. 0-0-0 Nf8 14. Kb1 Rb8 15. Ne4 Nxe4 16. Bxe4 g6 17. Qc2 Qc7 18. Bc3 Rh6 19. Bg2 exd4 20. exd4 Ne6 21. Bf3 Nf4 22. d5 c5 23. Qa4+ b5 24. cxb5 Kf8 25. h4 c4 26. hxg5 Bxg5 27. Bd4 Nd3 28. Qc2 Rxh1 29. Bxh1 Rc8 30. Be4 Qd7 31. Bxd3 cxd3 32. Qxd3 Qxg4 33. a4 f6 34. f3 Qf4 35. a5 Kg7 36. a6 Rc7 37. b6 axb6 38. Bxb6 Rc8 39. Bd4 Rc1+ 40. Rxc1 Qxc1+ 41. Ka2 Qe1 42. Qb5 Be3 43. a7 Bxd4 44. a8Q Bxb2 45. Qxb2 1-0

[Event "Arandjelovac ASK-4 GM"]
[Site "Arandjelovac"]
[Date "2021.11.18"]
[Round "3"]
[White "Lajthajm, Borko"]
[Black "Ostojic, Nikola"]
[Result "1/2-1/2"]
[WhiteElo "2361"]
[BlackElo "2350"]
[PlyCount "34"]
[EventDate "2021.11.16"]
[EventType "tourn"]
[EventRounds "9"]
[EventCountry "SRB"]
[EventCategory "6"]
[SourceTitle "CBM 205 Extra"]
[Source "ChessBase"]
[SourceDate "2022.01.31"]
[SourceVersion "1"]
[SourceVersionDate "2022.01.31"]
[SourceQuality "1"]

1. c4 c5 2. Nf3 Nc6 3. Nc3 g6 4. g3 Bg7 5. Bg2 e6 6. 0-0 Nge7 7. d3 d6 8. Bd2 0-0 9. a3 b6 10. Rb1 Bb7 11. b4 Qd7 12. bxc5 dxc5 13. Qc1 Rfc8 14. Bh6 Bh8 15. Re1 Nf5 16. Bf4 f6 17. Bd2 Nd6 1/2-1/2

[Event "Arandjelovac ASK Mix-3"]
[Site "Arandjelovac"]
[Date "2021.11.05"]
[Round "8"]
[White "Ostojic, Nikola"]
[Black "Vetokhin, Savva"]
[Result "1/2-1/2"]
[WhiteElo "2338"]
[BlackElo "2339"]
[PlyCount "80"]
[EventDate "2021.10.31"]
[EventType "swiss"]
[EventRounds "10"]
[EventCountry "SRB"]
[SourceTitle "CBM 205 Extra"]
[Source "ChessBase"]
[SourceDate "2022.01.31"]
[SourceVersion "1"]
[SourceVersionDate "2022.01.31"]
[SourceQuality "1"]

1. Nf3 Nf6 2. g3 b5 3. Bg2 Bb7 4. d3 e6 5. 0-0 Be7 6. c4 b4 7. e4 0-0 8. e5 Ne8 9. d4 d6 10. Qc2 Nd7 11. Rd1 Qc8 12. Bf4 c5 13. exd6 Bxd6 14. Bxd6 Nxd6 15. dxc5 Qxc5 16. Nbd2 Bxf3 17. Nxf3 Rad8 18. b3 Nf5 19. Bh3 Ne7 20. Qe2 Nc6 21. Bg2 Nf6 22. h3 g6 23. g4 Nd7 24. Rd2 Nde5 25. Rad1 Nxf3+ 26. Qxf3 Ne5 27. Qf6 Rxd2 28. Rxd2 a5 29. Kf1 a4 30. Kg1 axb3 31. axb3 Re8 32. Rd1 Qc7 33. Qf4 Rc8 34. Qd4 Nc6 35. Bxc6 Qxc6 36. Qd7 Qa8 37. Rd3 Qa1+ 38. Kg2 Qa8+ 39. Kg1 Qa1+ 40. Kg2 Qa8+ 1/2-1/2

[Event "Arandjelovac ASK Mix-3"]
[Site "Arandjelovac"]
[Date "2021.11.04"]
[Round "6"]
[White "Deshmukh, Anup"]
[Black "Ostojic, Nikola"]
[Result "1-0"]
[WhiteElo "2201"]
[BlackElo "2338"]
[PlyCount "63"]
[EventDate "2021.10.31"]
[EventType "swiss"]
[EventRounds "10"]
[EventCountry "SRB"]
[SourceTitle "CBM 205 Extra"]
[Source "ChessBase"]
[SourceDate "2022.01.31"]
[SourceVersion "1"]
[SourceVersionDate "2022.01.31"]
[SourceQuality "1"]

1. c4 e6 2. Nf3 d5 3. b3 d4 4. Bb2 c5 5. b4 Nf6 6. e3 dxe3 7. fxe3 cxb4 8. d4 Nbd7 9. Be2 b6 10. Qd3 Bb7 11. Nbd2 Qc7 12. 0-0 Bd6 13. e4 e5 14. c5 Be7 15. dxe5 Bxc5+ 16. Kh1 Ng4 17. Nc4 0-0 18. Ng5 Nf2+ 19. Rxf2 Bxf2 20. e6 f6 21. exd7 fxg5 22. Ne5 h6 23. Bg4 Bc5 24. Be6+ Kh7 25. Bf5+ Rxf5 26. exf5 Qd6 27. Qxd6 Bxd6 28. Rd1 Bc7 29. Nf7 Rf8 30. Be5 Bc6 31. Bxc7 Bxd7 32. Rxd7 1-0

[Event "SRB-chT 1st League CS"]
[Site "Bajina Basta"]
[Date "2021.10.01"]
[Round "9.4"]
[White "Ostojic, Nikola"]
[Black "Brkljaca, Ante"]
[Result "1/2-1/2"]
[WhiteElo "2338"]
[BlackElo "2252"]
[PlyCount "89"]
[EventDate "2021.09.26"]
[EventType "team-tourn"]
[EventRounds "11"]
[EventCountry "SRB"]
[SourceTitle "EXT 2023"]
[Source "ChessBase"]
[SourceDate "2022.10.05"]
[SourceVersion "1"]
[SourceVersionDate "2022.10.05"]
[SourceQuality "1"]
[WhiteTeam "Gornji Milanovac Metalac"]
[BlackTeam "Arandjelovac"]
[WhiteTeamCountry "SRB"]
[BlackTeamCountry "SRB"]

1. c4 c5 2. Nf3 g6 3. d4 cxd4 4. Nxd4 Nc6 5. e4 Bg7 6. Be3 Nf6 7. Nc3 0-0 8. Be2 b6 9. Qd2 Bb7 10. f3 Ne8 11. 0-0 f5 12. exf5 gxf5 13. f4 Nxd4 14. Bxd4 Rc8 15. Rad1 Rf7 16. Bf3 Bxf3 17. Rxf3 e6 18. b3 Qe7 19. Rg3 Rc7 20. Nb5 Rb7 21. Bxg7 Rxg7 22. Rxg7+ Qxg7 23. Nd6 Nxd6 24. Qxd6 h6 25. h3 Qf8 26. Qd3 Qc5+ 27. Kf1 Qe7 28. Rd2 Qf7 29. Kg1 Kh8 30. Kh2 a6 31. Qd6 h5 32. Qd3 h4 33. Qf3 Qg6 34. Rd1 Ra7 35. Qf2 Rc7 36. Rd6 b5 37. c5 a5 38. a3 b4 39. axb4 axb4 40. Qd4+ Qg7 41. Qxb4 Qg3+ 42. Kh1 Qe3 43. Rxe6 Qxe6 44. Qb8+ Kg7 45. Qxc7 1/2-1/2

[Event "Belgrade Radnicki IM T2 08"]
[Site "Belgrade"]
[Date "2021.08.18"]
[Round "9"]
[White "Ostojic, Nikola"]
[Black "Sanz Wawer, Daniel"]
[Result "1/2-1/2"]
[WhiteElo "2368"]
[BlackElo "2356"]
[PlyCount "28"]
[EventDate "2021.08.10"]
[EventType "tourn"]
[EventRounds "9"]
[EventCountry "SRB"]
[EventCategory "2"]
[SourceTitle "CBM 203 Extra"]
[Source "ChessBase"]
[SourceDate "2021.09.30"]
[SourceVersion "1"]
[SourceVersionDate "2021.09.30"]
[SourceQuality "1"]

1. Nf3 Nf6 2. g3 b6 3. Bg2 Bb7 4. c4 e6 5. 0-0 Be7 6. Nc3 0-0 7. Re1 d5 8. cxd5 exd5 9. d4 Nbd7 10. Bf4 c5 11. Rc1 Ne4 12. dxc5 Nxc3 13. bxc3 Nxc5 14. Be5 Qd7 1/2-1/2